Language Quiz

Random Language or Color Quiz
Score 0/45 Timer 05:00
2 Plays Today
% Correct
Uno
86.8%
Bleu
86.3%
Rojo
85.5%
Dos
85.4%
Rouge
84%
Azul
83.7%
Un
83.4%
Trois
83.2%
Cinco
81.9%
Nouvelle-Zélande
80.9%
Noir
80.8%
Arabia Saudita
80.1%
Allemagne
79.1%
Seis
78.8%
Lièzhīdūnshìdēng
77.2%
Sept
77%
Vert
76.7%
Măláixīyà
75.2%
Quatre
75.2%
Amarillo
74.1%
Mǎdájiāsījiā
73.9%
72.9%
Huit
70.4%
% Correct
Naranja
70.1%
Islas Salomón
70%
Nueve
69.9%
69.7%
Jaune
69.5%
Shí
69.4%
Jiǔ
67.7%
Brésil
66.5%
Países Bajos
65.8%
Bielorrusia
61.8%
Egipto
61.7%
Lǜ sè
61%
Équateur
60.9%
Morado
59.5%
Sān
57.2%
Bái sè
56.9%
Huáng sè
56.1%
Hóng sè
54.8%
Bānámǎ
54.4%
Kirghizistan
51.9%
Chéng sè
51.1%
Fěijì
39.9%
Remove Ads.
Support Sporcle.
Get the best of Sporcle when you Go Orange. This ad-free experience offers more features, more stats, and more fun while also helping to support Sporcle. Thank you for becoming a member.

You're not logged in!

Compare scores with friends on all Sporcle quizzes.
OR
Log In

Sporcle TV

Today on Sporcle TV


Watch our educational content, quiz creation guides, and fun videos on Sporcle TV.

Show Comments

Extras

Top Quizzes Today


Score Distribution

Paid Content

Your Account Isn't Verified!

In order to create a playlist on Sporcle, you need to verify the email address you used during registration. Go to your Sporcle Settings to finish the process.

Report this User

Report this user for behavior that violates our Community Guidelines.

Details: